LEADER 00949nam2 22002773i 450 001 VIA0043743 005 20231121125924.0 010 $a3519010321 100 $a20141024e1982 ||||0itac50 ba 101 | $alat 102 $ade 181 1$6z01$ai $bxxxe 182 1$6z01$an 200 0 $a1 205 $aEd. stereotypa annorum 1895-1930 210 $aStutgardiae$cin aedibus B. G. Teubneri$d1982 215 $a398 p.$d21 cm. 462 1$1001VIA0036298$12001 $a˜2: œCarmina latina epigraphica$fconlegit Franciscus Buecheler. -$v1$1702 1$aBücheler$b, Franz$3PUVV039402 801 3$aIT$bIT-01$c20141024 850 $aIT-FR0017 899 $aBiblioteca umanistica Giorgio Aprea$bFR0017 $eN 912 $aVIA0043743 950 2$aBiblioteca umanistica Giorgio Aprea$d 52BTL Anth.Lat. 2.1$e 52MAG0000150075 VMB RS $fC $h20141024$i20141024 977 $a 52 996 $a1$961339 997 $aUNICAS LEADER 01721nam2 22003733i 450 001 RAV1100500 005 20251003044330.0 010 $a888697731X 100 $a20190530d2003 ||||0itac50 ba 101 | $aita 102 $ait 181 1$6z01$ai $bxxxe 182 1$6z01$an 183 1$6z01$anc$2RDAcarrier 200 1 $aˆ1: La ‰geometria stradale$fTommaso Esposito, Raffaele Mauro 205 $a2. ed 210 $aBenevento$cHevelius$d2003 215 $a287 p.$cill.$d24 cm 461 1$1001MIL0548310$12001 $aFondamenti di infrastrutture viarie$fTommaso Esposito, Raffaele Mauro$v1 606 $aStrade$xProgettazione$2FIR$3CFIC062501$9I 676 $a625.7$9INGEGNERIA FERROVIARIA E STRADALE. STRADE$v14 676 $a625.725$9INGEGNERIA FERROVIARIA E STRADALE. STRADE. PROGETTAZIONE.$v22 696 $aVie$aReti stradali 699 $aStrade$yVie 699 $aStrade$zReti stradali 700 1$aEsposito$b, Tommaso$3UBOV604789$4070$028805 701 1$aMauro$b, Raffaele$c $3SBTV025718$4070$01781922 801 3$aIT$bIT-000000$c20190530 850 $aIT-BN0095 912 $aRAV1100500 950 2$aBiblioteca Centralizzata di Ateneo$cv. 1 in tre copie$d 01SALA DING 625.7 ESP.fo$e 0102 0000084725 VMA A4(0001 v. 1$fY $h20110527$i20110530$cv. 1 in tre copie$d 01SALA DING 625.7 ESP.fo$e 0102 0000084735 VMA A4(0001bis v. 1 (2. copia)$fY $h20110527$i20110530$cv. 1 in tre copie$d 01SALA DING 625.7 ESP.fo$e 0102 0000084745 VMA A4(0001ter v. 1 (3. copia)$fY $h20110527$i20110530 977 $a 01 996 $aGeometria stradale$94307144 997 $aUNISANNIO